| 000 | 00571nam a22001937a 4500 | ||
|---|---|---|---|
| 001 | 00028622 | ||
| 005 | 20260321110059.0 | ||
| 008 | 260321b ag ||||| |||| 00| 0 spa d | ||
| 020 | _a9506023727 | ||
| 040 |
_aAR-CcCEOS _bspa _cAR-CcCEOS |
||
| 041 | _aspa | ||
| 090 | _bPOR | ||
| 100 | 1 |
_aPorge, Erik _9951 |
|
| 245 |
_aLos nombres del padre en jacques lacan : _bpuntuaciones y problematicas / _cErik Porge |
||
| 264 |
_aBuenos Aires : _bNueva Visión, _cc1998. |
||
| 300 |
_a233 p. ; _c24x15 cm. |
||
| 655 | 0 |
_apsicología _vpsiconoanalisis _9124 |
|
| 942 |
_2udc _cBK _n0 |
||
| 999 |
_c28652 _d28652 |
||